|
|
|
|
| LEADER |
00000nam0a2200000 4500 |
| 001 |
346872 |
| 005 |
20231102005932.0 |
| 010 |
|
|
|a 9785160170336
|
| 035 |
|
|
|a (RuTPU)RU\TPU\book\378757
|
| 090 |
|
|
|a 346872
|
| 100 |
|
|
|a 20211126d2022 k y0rusy50 ca
|
| 101 |
0 |
|
|a rus
|
| 102 |
|
|
|a RU
|
| 105 |
|
|
|a a z 001zy
|
| 200 |
1 |
|
|a Авиационно-ракетные кластеры и окружающая среда
|e монография
|f Ж. Ю. Кочетова, Н. В. Маслова, О. В. Базарский
|
| 210 |
|
|
|a Москва
|c Инфра-М
|d 2022
|
| 215 |
|
|
|a 266 с.
|c ил.
|
| 225 |
1 |
|
|a Научная мысль
|
| 225 |
1 |
|
|a Экология
|
| 320 |
|
|
|a Библиогр.: с. 233-262
|
| 330 |
|
|
|a В монографин введено новое понятие - авиационно-ракетный кластер как новый класс объектов геоэкологического мониторинга, объединенный решением идентичных стратегических задач государства, взаимосвязью образующих его структурных элементов, идентичностью приоритетных контаминантов и продуктов их трансформации. Представлен научно-методологический аппарат комплексного геоэкологического мониторинга территорий, находящихся под влиянием объектов авиационной и космической деятельности, включающий прогностические модели распространения и трансформации приоритетных контаминантов в объектах окружающей среды с учетом их физико-химических свойств, географических и климатических особенностей исследуемой территории: алгоритмов и методик оценки экологической ситуации в районе авиационно-ракетного кластера для поддержки принятия управленческих решений о проведении реабилитационных и профилактических медико-экологических мероприятий. Предложенный научно-методологический аппарат повышает качество оценки геоэкологической ситуации при одновременном снижении затрат на мониторинг территории авиационно-ракетного кластера. Изложены научные результаты, полученные авторами по результатам одиннадцатилетнего геоэкологического мониторинга типичного авиационно-ракетного кластера, расположенного в черте г. Воронежа и включающего аэродром государственной авиации и испытательный комплекс ракет-носителей.
|
| 606 |
1 |
|
|a Геоэкология
|2 stltpush
|3 (RuTPU)RU\TPU\subj\6313
|9 34236
|
| 606 |
1 |
|
|a Космодромы
|2 stltpush
|3 (RuTPU)RU\TPU\subj\15886
|9 42089
|
| 610 |
1 |
|
|a авиационно-ракетный кластер
|
| 610 |
1 |
|
|a геоэкологические исследования
|
| 610 |
1 |
|
|a загрязнение
|
| 610 |
1 |
|
|a комтаминанты
|
| 610 |
1 |
|
|a географические характеристики
|
| 610 |
1 |
|
|a климатические характеристики
|
| 610 |
1 |
|
|a Воронеж
|
| 610 |
1 |
|
|a грунты
|
| 610 |
1 |
|
|a воды
|
| 610 |
1 |
|
|a снеговой покров
|
| 610 |
1 |
|
|a экологическая ситуация
|
| 610 |
1 |
|
|a окружающая среда
|
| 610 |
1 |
|
|a объекты
|
| 610 |
1 |
|
|a аналит-маркер
|
| 610 |
1 |
|
|a оперативное определение
|
| 610 |
1 |
|
|a геоэкологический мониторинг
|
| 610 |
1 |
|
|a монографии
|
| 675 |
|
|
|a 55:502.4
|v 4
|
| 675 |
|
|
|a 629.782
|v 4
|
| 700 |
|
1 |
|a Кочетова
|b Ж. Ю.
|g Жанна Юрьевна
|
| 701 |
|
1 |
|a Маслова
|b Н. В.
|g Наталья Владимировна
|
| 701 |
|
1 |
|a Базарский
|b О. В.
|g Олег Владимирович
|
| 801 |
|
1 |
|a RU
|b 63413507
|c 20211126
|
| 801 |
|
2 |
|a RU
|b 63413507
|c 20220202
|g RCR
|
| 942 |
|
|
|c BK
|
| 959 |
|
|
|a 12/20211126
|d 1
|e 1271,40
|f ЧЗТЛ:1
|